[Event "PRO League Group Stage"]
[Site "chess.com INT"]
[Date "2020.01.20"]
[Round "3"]
[White "Bitelmajer, Martin"]
[Black "Oparin, Grigoriy"]
[Result "1/2-1/2"]
[WhiteTitle "IM"]
[BlackTitle "GM"]
[WhiteElo "2475"]
[BlackElo "2650"]
[WhiteTeam "Argentina Krakens"]
[BlackTeam "California Unicorns"]
[WhiteFideId "111651"]
[BlackFideId "24125890"]
[EventDate "2020.01.06"]

1. d4 Nf6 2. c4 e6 3. g3 c5 4. d5 exd5 5. cxd5 d6 6. Nc3 g6 7. Bg2 Bg7 8. Nf3
O-O 9. O-O Re8 10. Bf4 Bf5 11. Nh4 Bg4 12. Qd2 b5 13. h3 Bd7 14. Bxd6 b4 15. Nd1
Ne4 16. Bxe4 Rxe4 17. Bxc5 Bxh3 18. Ng2 Na6 19. Be3 Nc7 20. d6 Nb5 21. Bc5 Rc8
22. Bxb4 Nd4 23. Nde3 Rb8 24. Bc3 Qxd6 25. Rfd1 Qa6 26. Nf4 Rxf4 27. gxf4 Nxe2+
28. Kh2 Nxc3 29. bxc3 Be6 30. Qd6 Qxd6 31. Rxd6 Bxc3 32. Rad1 Rb2 33. Kg3 Rxa2
34. Rd8+ Kg7 35. Ra8 Bf6 36. Rd3 h5 37. Nd5 Bf5 38. Rb3 Be4 39. Rg8+ Kxg8 40.
Nxf6+ Kg7 41. Nxe4 h4+ 42. Kf3 a5 43. Ng5 h3 44. Nxh3 a4 45. Rc3 Rb2 46. Ke3 Rb3
47. Rxb3 axb3 48. Kd3 Kf6 49. Kc3 Kf5 50. f3 f6 51. Kxb3 g5 52. fxg5 fxg5 53.
Nxg5 Kxg5 54. Kc4 Kf4 55. Kd4 Kxf3 1/2-1/2

[Event "PRO League Group Stage"]
[Site "chess.com INT"]
[Date "2020.01.20"]
[Round "3"]
[White "Tari, Aryan"]
[Black "Milos, Gilberto"]
[Result "1-0"]
[WhiteTitle "GM"]
[BlackTitle "GM"]
[WhiteElo "2635"]
[BlackElo "2575"]
[WhiteTeam "Canada Chessbrahs"]
[BlackTeam "Brazil Capybaras"]
[WhiteFideId "1510045"]
[BlackFideId "2100029"]
[EventDate "2020.01.06"]

1. Nf3 d6 2. d4 Bg4 3. e4 Nf6 4. h3 Bh5 5. Nc3 e6 6. Qe2 c6 7. g4 Bg6 8. h4 h5
9. g5 Nfd7 10. d5 cxd5 11. exd5 e5 12. Be3 Be7 13. O-O-O Na6 14. Nd2 O-O 15.
Nde4 Qa5 16. Qb5 Qc7 17. Bh3 Nb6 18. b3 Rfc8 19. Rd2 Qd8 20. Kb2 Nc7 21. Qa5
Rcb8 22. a4 Ne6 23. Qb4 Nf4 24. Bxf4 exf4 25. Re1 Nd7 26. Nxd6 Qf8 27. Bxd7 Bxd6
28. Qd4 a6 29. Rde2 Kh7 30. Ne4 Ba3+ 31. Ka2 Rd8 32. Bh3 b5 33. c3 bxa4 34. b4
a5 35. Kxa3 axb4+ 36. cxb4 Rab8 37. d6 Rb5 38. d7 Rdb8 39. Rb2 Kh8 40. Nc5 Rd8
41. Rbe2 1-0

[Event "PRO League Group Stage"]
[Site "chess.com INT"]
[Date "2020.01.20"]
[Round "3"]
[White "Fedoseev, Vladimir3"]
[Black "Tan, Justin2"]
[Result "1-0"]
[WhiteTitle "GM"]
[BlackTitle "GM"]
[WhiteElo "2671"]
[BlackElo "2511"]
[WhiteTeam "New York Marshalls"]
[BlackTeam "U.K. Lions"]
[WhiteFideId "24130737"]
[BlackFideId "3206882"]
[EventDate "2020.01.06"]

1. d4 Nf6 2. c4 e6 3. Nf3 d5 4. g3 Be7 5. Bg2 O-O 6. O-O dxc4 7. Qc2 a6 8. a4
Bd7 9. Qxc4 Bc6 10. Bf4 Bd6 11. Qc1 a5 12. Nc3 Na6 13. Rd1 Nb4 14. Bg5 Be7 15.
h4 Rc8 16. Bxf6 Bxf6 17. e4 Qe8 18. g4 b6 19. g5 Be7 20. Qf4 Bb7 21. Qg4 f5 22.
gxf6 Bxf6 23. h5 Kh8 24. Rac1 Ba6 25. Nb5 Bxb5 26. axb5 e5 27. d5 Qxb5 28. Bf1
Qe8 29. d6 cxd6 30. Rxc8 Qxc8 31. Qxc8 Rxc8 32. Rxd6 Rc6 33. Rd7 h6 34. Rb7 Kg8
35. Bb5 Rd6 36. Kg2 Kf8 37. Kg3 Nc2 38. Kg4 Nd4 39. Nxd4 Rxd4 40. Kf5 Rd6 41. f3
Kg8 42. f4 exf4 43. e5 Bxe5 44. Kxe5 Rf6 45. Bc4+ Kf8 46. Rb8+ Ke7 47. Rg8 Rc6
48. Rxg7+ Kd8 49. Bd5 Rc2 50. Kd6 Re2 51. Ra7 1-0

[Event "PRO League Group Stage"]
[Site "chess.com INT"]
[Date "2020.01.20"]
[Round "3"]
[White "Palliser, Richard J D"]
[Black "Lenderman, Aleksandr"]
[Result "0-1"]
[WhiteTitle "IM"]
[BlackTitle "GM"]
[WhiteElo "2399"]
[BlackElo "2638"]
[WhiteTeam "U.K. Lions"]
[BlackTeam "New York Marshalls"]
[WhiteFideId "407372"]
[BlackFideId "2021285"]
[EventDate "2020.01.06"]

1. d4 e6 2. c4 b6 3. e4 Bb4+ 4. Bd2 Bxd2+ 5. Nxd2 Bb7 6. Qg4 Qf6 7. Ngf3 Nc6 8.
e5 Qg6 9. Qxg6 hxg6 10. Bd3 O-O-O 11. O-O-O Nh6 12. a3 d6 13. exd6 Rxd6 14. Nb3
Ne7 15. Be2 Nef5 16. h3 Rhd8 17. c5 R6d7 18. Bb5 Re7 19. c6 Ba8 20. Ne5 Nd6 21.
a4 Nxb5 22. axb5 Rd5 23. Rd3 Rxb5 24. Re1 g5 25. g4 Ng8 26. Nd2 Nf6 27. Ndf3 Nd5
28. Nxg5 Nb4 29. Rb3 f6 30. Ng6 Re8 31. Rxe6 Bxc6 32. Ne7+ Rxe7 33. Rxe7 fxg5
34. Rxg7 Na2+ 35. Kb1 Rxb3 36. Kxa2 Rxh3 37. Rxg5 Rf3 0-1

[Event "PRO League Group Stage"]
[Site "chess.com INT"]
[Date "2020.01.20"]
[Round "3"]
[White "Haydon, David L"]
[Black "Guseinov, Gadir"]
[Result "0-1"]
[WhiteTitle "FM"]
[BlackTitle "GM"]
[WhiteElo "2294"]
[BlackElo "2666"]
[WhiteTeam "U.K. Lions"]
[BlackTeam "New York Marshalls"]
[WhiteFideId "415405"]
[BlackFideId "13401378"]
[EventDate "2020.01.06"]

1. Nf3 g6 2. g3 Bg7 3. Bg2 d6 4. d4 Nd7 5. O-O e5 6. c4 Ne7 7. Nc3 O-O 8. dxe5
dxe5 9. Qc2 Nf5 10. Rd1 Nd4 11. Nxd4 exd4 12. Nb5 Nc5 13. Bf4 Ne6 14. Bd2 c6 15.
Na3 d3 16. Qxd3 Qxd3 17. exd3 Bxb2 18. Nc2 Bxa1 19. Rxa1 Rd8 20. Bf1 Nc5 21. Bg5
Re8 22. Be3 Na4 23. Rb1 b6 24. Nb4 Bd7 25. Bg2 Rac8 26. Rb3 a5 27. Nc2 b5 28.
Ra3 Nb2 29. Rxa5 bxc4 30. dxc4 Nxc4 31. Ra7 Bf5 32. Bf1 Nxe3 33. Nxe3 Be6 34. a4
Ra8 35. Rc7 Rec8 36. Rxc8+ Bxc8 37. Nc4 Rb8 38. Nd6 Kf8 39. a5 Ke7 40. Nxc8+
Rxc8 41. a6 Kd6 42. Bc4 Ra8 43. Kf1 Kc5 44. Bxf7 Rxa6 45. h4 Kd4 46. Bg8 Ra7 47.
Ke2 c5 0-1

[Event "PRO League Group Stage"]
[Site "chess.com INT"]
[Date "2020.01.20"]
[Round "3"]
[White "Roberson, Peter T"]
[Black "Fedoseev, Vladimir3"]
[Result "0-1"]
[WhiteTitle "IM"]
[BlackTitle "GM"]
[WhiteElo "2435"]
[BlackElo "2671"]
[WhiteTeam "U.K. Lions"]
[BlackTeam "New York Marshalls"]
[WhiteFideId "412384"]
[BlackFideId "24130737"]
[EventDate "2020.01.06"]

1. e4 c6 2. Nc3 d5 3. Nf3 dxe4 4. Nxe4 Nf6 5. Qe2 Nxe4 6. Qxe4 Nd7 7. Bc4 Nf6 8.
Ne5 e6 9. Qe2 b5 10. Bd3 Bd6 11. Nxc6 Qc7 12. Nd4 a6 13. Nf5 Bb7 14. Nxd6+ Qxd6
15. O-O h5 16. Qe3 h4 17. h3 O-O-O 18. a4 Nd5 19. Qd4 Nf4 20. Qxd6 Rxd6 21. axb5
Bxg2 22. bxa6 Bf3 23. Bb5 Rh5 24. Kh2 Rxb5 25. a7 Ba8 26. d3 Ne2 27. c4 Rf5 28.
Be3 Rxd3 29. b4 Ng3 30. fxg3 hxg3+ 31. Kxg3 Rxe3+ 32. Kg4 Re4+ 33. Kg3 Rg5+ 34.
Kf2 Rxc4 35. Rfc1 Rxc1 36. Rxc1+ Kb7 37. h4 Rf5+ 38. Ke3 Kxa7 0-1

[Event "PRO League Group Stage"]
[Site "chess.com INT"]
[Date "2020.01.20"]
[Round "3"]
[White "Guseinov, Gadir"]
[Black "Palliser, Richard J D"]
[Result "1-0"]
[WhiteTitle "GM"]
[BlackTitle "IM"]
[WhiteElo "2666"]
[BlackElo "2399"]
[WhiteTeam "New York Marshalls"]
[BlackTeam "U.K. Lions"]
[WhiteFideId "13401378"]
[BlackFideId "407372"]
[EventDate "2020.01.06"]

1. e4 c5 2. Nc3 Nc6 3. Bb5 Nd4 4. Nf3 e6 5. O-O a6 6. Bd3 Nc6 7. a3 d6 8. Rb1
Nge7 9. b4 b6 10. b5 axb5 11. Nxb5 Ng6 12. Bb2 Bd7 13. Re1 Nce5 14. Bf1 Be7 15.
d4 cxd4 16. Bxd4 Nxf3+ 17. Qxf3 O-O 18. Red1 Qb8 19. c4 Rc8 20. Qb3 Ne5 21. Bxe5
Bxb5 22. Bxg7 Kxg7 23. Qxb5 Rc5 24. Qb2+ e5 25. Rd3 Ra6 26. Qd2 Kh8 27. Rg3 Qf8
28. Qd1 Qh6 29. Qg4 Ra8 30. Rxb6 Rcc8 31. Rb7 Re8 32. h3 Rg8 33. Qf3 Bg5 34.
Rxf7 Bf4 35. Rxg8+ Rxg8 36. a4 Qg6 37. Rf5 Ra8 38. Qc3 Qg7 39. a5 1-0

[Event "PRO League Group Stage"]
[Site "chess.com INT"]
[Date "2020.01.20"]
[Round "3"]
[White "Lenderman, Aleksandr"]
[Black "Haydon, David L"]
[Result "1-0"]
[WhiteTitle "GM"]
[BlackTitle "FM"]
[WhiteElo "2638"]
[BlackElo "2294"]
[WhiteTeam "New York Marshalls"]
[BlackTeam "U.K. Lions"]
[WhiteFideId "2021285"]
[BlackFideId "415405"]
[EventDate "2020.01.06"]

1. d4 Nf6 2. c4 g6 3. g3 Bg7 4. Bg2 d5 5. cxd5 Nxd5 6. e4 Nb6 7. Ne2 O-O 8. O-O
c5 9. dxc5 N6d7 10. Qc2 Na6 11. Be3 Qc7 12. Nbc3 e6 13. Rac1 Ne5 14. a3 Bd7 15.
b4 b6 16. c6 Qxc6 17. b5 Qc4 18. bxa6 Qxa6 19. Qb3 Nc4 20. Rfd1 Bc6 21. Bg5 Rac8
22. Nd4 Na5 23. Qb1 Rfe8 24. Bf1 Nc4 25. Nxc6 Rxc6 26. Nb5 Rec8 27. Nd6 1-0

[Event "PRO League Group Stage"]
[Site "chess.com INT"]
[Date "2020.01.20"]
[Round "3"]
[White "Flores, Diego"]
[Black "Shankland, Sam"]
[Result "0-1"]
[WhiteTitle "GM"]
[BlackTitle "GM"]
[WhiteElo "2599"]
[BlackElo "2683"]
[WhiteTeam "Argentina Krakens"]
[BlackTeam "California Unicorns"]
[WhiteFideId "108049"]
[BlackFideId "2004887"]
[EventDate "2020.01.06"]

1. c4 c6 2. Nf3 d5 3. e3 Nf6 4. Nc3 e6 5. b3 Bd6 6. Bb2 O-O 7. Rc1 Nbd7 8. g3 a6
9. Bg2 e5 10. O-O e4 11. Ne1 Ne5 12. f4 exf3 13. Nxf3 Nd3 14. Ba1 Nxc1 15. Qxc1
Re8 16. cxd5 cxd5 17. Qc2 h6 18. Nh4 Be5 19. d4 Bb8 20. Nf5 Be6 21. e4 Ba7 22.
exd5 Bxf5 23. Qxf5 Bxd4+ 24. Kh1 Rc8 25. Ne4 Bxa1 26. Rxa1 Nxe4 27. Bxe4 g6 28.
Qf3 f5 29. Bd3 Qf6 30. Rd1 Rcd8 31. a4 Kg7 32. Bc4 Re7 33. h4 h5 34. Kh2 Qe5 35.
Rd2 Qe3 36. Qd1 f4 37. Rg2 Kh7 38. d6 fxg3+ 39. Rxg3 Qf2+ 40. Kh3 Re3 41. Rxe3
Qxe3+ 42. Kg2 Qe4+ 43. Kg1 Qxh4 44. Qd5 Qg3+ 45. Kh1 Qxd6 46. Qf7+ Kh6 0-1

[Event "PRO League Group Stage"]
[Site "chess.com INT"]
[Date "2020.01.20"]
[Round "3"]
[White "Perez Ponsa, Federico"]
[Black "Sarana, Alexey"]
[Result "0-1"]
[WhiteTitle "GM"]
[BlackTitle "GM"]
[WhiteElo "2559"]
[BlackElo "2656"]
[WhiteTeam "Argentina Krakens"]
[BlackTeam "California Unicorns"]
[WhiteFideId "117927"]
[BlackFideId "24133795"]
[EventDate "2020.01.06"]

1. e4 c5 2. Nf3 d6 3. Bb5+ Nd7 4. c3 Nf6 5. Qe2 a6 6. Ba4 e5 7. O-O Be7 8. d4 b5
9. Bc2 O-O 10. dxe5 dxe5 11. c4 b4 12. Rd1 Qc7 13. Nbd2 Rd8 14. Nf1 Nf8 15. Rxd8
Bxd8 16. Ne3 Ne6 17. Nd5 Qd6 18. a3 bxa3 19. Rxa3 Rb8 20. Rd3 Nd4 21. Nxd4 cxd4
22. Rxd4 exd4 23. Bf4 Qe6 24. Nxf6+ Qxf6 25. Bxb8 Qb6 26. Bf4 Qxb2 27. h3 a5 28.
e5 Bf5 29. Qf3 Qxc2 30. Qa8 Qb1+ 31. Kh2 Qb6 32. e6 fxe6 33. c5 Qxc5 34. Qxd8+
Kf7 35. Bd6 Qa7 36. Bc7 Qc5 37. Bd6 Qa7 38. g4 d3 39. Qf8+ Kg6 40. Bg3 Be4 41.
h4 h6 42. Qg8 h5 43. gxh5+ Kxh5 44. Qe8+ Bg6 45. Qh8+ Kg4 46. Qf8 Bf5 47. Qd8
Kf3 48. Qg5 Ke2 49. Qh5+ Kd2 50. Bf4+ Kc2 51. Be3 Qc7+ 52. Kg1 d2 53. Qe2 Qc3
54. h5 Qd3 55. Qf3 d1=Q+ 0-1

[Event "PRO League Group Stage"]
[Site "chess.com INT"]
[Date "2020.01.20"]
[Round "3"]
[White "Oparin, Grigoriy"]
[Black "Obregon, Andres Carlos"]
[Result "1-0"]
[WhiteTitle "GM"]
[BlackTitle "GM"]
[WhiteElo "2650"]
[BlackElo "2525"]
[WhiteTeam "California Unicorns"]
[BlackTeam "Argentina Krakens"]
[WhiteFideId "24125890"]
[BlackFideId "111724"]
[EventDate "2020.01.06"]

1. Nf3 Nf6 2. g3 d5 3. c4 c6 4. Bg2 Bf5 5. O-O e6 6. cxd5 exd5 7. d3 Be7 8. Qb3
Qb6 9. Qc2 h6 10. Nc3 O-O 11. e4 Bh7 12. Be3 Qa6 13. Rfd1 Nbd7 14. exd5 cxd5 15.
Qb3 Rad8 16. d4 Qb6 17. Ne5 Be4 18. Nxe4 dxe4 19. Qa4 a6 20. Bxe4 Rfe8 21. Bf3
Bf8 22. Rac1 Qxb2 23. Rb1 Qa3 24. Qxa3 Bxa3 25. Nxd7 Rxd7 26. Bxb7 Red8 27. Bxa6
Nd5 28. Rb3 Bf8 29. a4 g5 30. Bc4 Ra7 31. Bxd5 Rxd5 32. Rb5 Rd6 33. a5 Rda6 34.
Bd2 Rd7 35. d5 Bg7 36. Bb4 Be5 37. d6 f6 38. Rb6 Ra8 39. a6 Kf7 40. Bc5 Ke6 41.
Rc6 g4 42. Kg2 h5 43. h3 Kf5 44. a7 Ke6 45. Rd3 Kf5 46. Rb3 Ke6 47. Rd3 Kf5 48.
Ra6 Ke6 49. h4 Kf5 50. Rb3 Rdd8 51. Rb7 Ke6 52. d7+ Kd5 53. Be7 1-0

[Event "PRO League Group Stage"]
[Site "chess.com INT"]
[Date "2020.01.20"]
[Round "3"]
[White "Naroditsky, Daniel"]
[Black "Bitelmajer, Martin"]
[Result "1-0"]
[WhiteTitle "GM"]
[BlackTitle "IM"]
[WhiteElo "2621"]
[BlackElo "2475"]
[WhiteTeam "California Unicorns"]
[BlackTeam "Argentina Krakens"]
[WhiteFideId "2026961"]
[BlackFideId "111651"]
[EventDate "2020.01.06"]

1. Nf3 c5 2. e4 d6 3. Bb5+ Nd7 4. d4 cxd4 5. Qxd4 e5 6. Qe3 Nf6 7. O-O Be7 8. c4
O-O 9. Bxd7 Bxd7 10. Nc3 Be6 11. b3 a6 12. Rd1 Qc7 13. Bb2 h6 14. Rac1 Rfc8 15.
a4 Rab8 16. Ba3 Kf8 17. h3 Qc6 18. Nd5 Bxd5 19. exd5 Qe8 20. c5 dxc5 21. d6 Bd8
22. Nxe5 Nd7 23. Nxd7+ Qxd7 24. Rxc5 Rxc5 25. Bxc5 Bg5 26. Qe4 Re8 27. Qh7 f6
28. a5 Kf7 29. Qd3 f5 30. Qd5+ Kg6 31. b4 Re4 32. Qd3 h5 33. g3 Kh6 34. h4 Bf6
35. Rc1 Rg4 36. Be3+ Kg6 37. Rc7 Qd8 38. Bf4 Bxh4 39. d7 Qe7 40. Rc5 Qf8 41. f3
Rxf4 42. gxf4 Bd8 43. Re5 Qf6 44. Qd5 Kh7 45. Rxf5 Qg6+ 46. Kf1 Kh6 47. Rg5 Qb1+
48. Kg2 Qb2+ 49. Kh3 g6 50. Qg8 Qf6 51. Rxg6+ Qxg6 52. Qxd8 Qf5+ 53. Kg3 h4+ 54.
Qxh4+ Kg7 55. Qg5+ Qxg5+ 56. fxg5 1-0

[Event "PRO League Group Stage"]
[Site "chess.com INT"]
[Date "2020.01.20"]
[Round "3"]
[White "Bruzon Batista, Lazaro"]
[Black "Dominguez Perez, Leinier"]
[Result "1/2-1/2"]
[WhiteTitle "GM"]
[BlackTitle "GM"]
[WhiteElo "2640"]
[BlackElo "2758"]
[WhiteTeam "Chicago Wind"]
[BlackTeam "Saint Louis Arch Bishops"]
[WhiteFideId "3503739"]
[BlackFideId "3503240"]
[EventDate "2020.01.06"]

1. e4 e5 2. Nf3 Nc6 3. Bb5 Nf6 4. O-O Nxe4 5. Re1 Nd6 6. Nxe5 Be7 7. Bf1 Nxe5 8.
Rxe5 O-O 9. d4 Bf6 10. Re1 Re8 11. c3 Rxe1 12. Qxe1 Ne8 13. Bf4 d5 14. Bd3 g6
15. Nd2 Ng7 16. Qe2 c6 17. Re1 Bf5 18. Bxf5 Nxf5 19. Nf3 Ng7 20. Be5 1/2-1/2

[Event "PRO League Group Stage"]
[Site "chess.com INT"]
[Date "2020.01.20"]
[Round "3"]
[White "Bok, Benjamin"]
[Black "Robson, Ray"]
[Result "1/2-1/2"]
[WhiteTitle "GM"]
[BlackTitle "GM"]
[WhiteElo "2630"]
[BlackElo "2673"]
[WhiteTeam "Saint Louis Arch Bishops"]
[BlackTeam "Chicago Wind"]
[WhiteFideId "1017063"]
[BlackFideId "2023970"]
[EventDate "2020.01.06"]

1. d4 d5 2. c4 c6 3. Nf3 Nf6 4. Nc3 e6 5. e3 Nbd7 6. Qc2 Bd6 7. Bd3 O-O 8. O-O
e5 9. cxd5 cxd5 10. e4 dxe4 11. Nxe4 Nxe4 12. Bxe4 h6 13. Be3 exd4 14. Bxd4 Nf6
15. Bf5 Qa5 16. Bxc8 Rfxc8 17. Qb3 Qd5 18. Rfd1 Qxb3 19. axb3 Ne4 20. Rxa7 Rxa7
21. Bxa7 Rc2 22. Bd4 Bc5 23. Ne1 Re2 24. Bxc5 Nxc5 25. Kf1 Rxb2 26. Nd3 Nxd3 27.
Rxd3 g5 28. g4 Kg7 29. Kg2 b5 30. Kg3 Kf6 31. f3 Ke5 32. h4 gxh4+ 33. Kxh4 Kf4
34. Kh3 Rf2 35. Rd4+ Kxf3 36. Rd5 b4 37. Rb5 Rf1 38. Kh2 Kxg4 39. Rxb4+ Rf4 40.
Rb6 h5 41. Kg2 h4 42. Rb8 h3+ 43. Kg1 f5 44. Rg8+ Kf3 45. Kh2 Rb4 46. Kxh3 f4
47. Ra8 Rb7 48. Kh2 Rxb3 49. Ra7 Rb2+ 50. Kh3 Rb1 51. Ra3+ Ke4 52. Ra4+ Ke3 53.
Ra3+ Ke4 54. Ra4+ Kf3 55. Ra3+ Kf2 56. Ra2+ Kg1 57. Kg4 Rf1 58. Ra3 Kg2 59. Ra2+
Kg1 60. Ra3 Rf2 61. Rf3 Kg2 62. Rxf2+ Kxf2 63. Kxf4 1/2-1/2

[Event "PRO League Group Stage"]
[Site "chess.com INT"]
[Date "2020.01.20"]
[Round "3"]
[White "Dominguez Perez, Leinier"]
[Black "Quesada Perez, Yuniesky"]
[Result "0-1"]
[WhiteTitle "GM"]
[BlackTitle "GM"]
[WhiteElo "2758"]
[BlackElo "2601"]
[WhiteTeam "Saint Louis Arch Bishops"]
[BlackTeam "Chicago Wind"]
[WhiteFideId "3503240"]
[BlackFideId "3504409"]
[EventDate "2020.01.06"]

1. e4 e5 2. Nf3 Nc6 3. Bc4 Bc5 4. c3 Nf6 5. d3 d6 6. O-O a6 7. a4 Ba7 8. Re1 O-O
9. h3 Ne7 10. Nbd2 Ng6 11. d4 Re8 12. Bb3 Bd7 13. Bc2 Bc6 14. a5 h6 15. Ba4 Qd7
16. Bxc6 Qxc6 17. d5 Qd7 18. Nf1 c6 19. dxc6 Qxc6 20. Qa4 d5 21. exd5 Nxd5 22.
Qxc6 bxc6 23. g3 Rab8 24. N3d2 f5 25. Nc4 f4 26. Kg2 Rf8 27. Nh2 fxg3 28. fxg3
Rf2+ 29. Kh1 Re8 30. Nd6 Ref8 31. Ne4 Rc2 32. Nf1 Bf2 33. Rd1 Re2 34. Ra4 h5 35.
h4 Nf6 36. Rd2 Rxe4 0-1

[Event "PRO League Group Stage"]
[Site "chess.com INT"]
[Date "2020.01.20"]
[Round "3"]
[White "Nyzhnyk, Illya"]
[Black "Bok, Benjamin"]
[Result "1-0"]
[WhiteTitle "GM"]
[BlackTitle "GM"]
[WhiteElo "2662"]
[BlackElo "2630"]
[WhiteTeam "Chicago Wind"]
[BlackTeam "Saint Louis Arch Bishops"]
[WhiteFideId "14118084"]
[BlackFideId "1017063"]
[EventDate "2020.01.06"]

1. c4 e6 2. Nf3 d5 3. d4 Nf6 4. g3 dxc4 5. Bg2 c6 6. O-O b5 7. Ne5 Bb7 8. a4 a6
9. Nc3 Be7 10. axb5 axb5 11. Rxa8 Bxa8 12. Nxb5 cxb5 13. Bxa8 O-O 14. Bg2 Qb6
15. e3 Nfd7 16. f4 Nxe5 17. fxe5 Nc6 18. Be4 g6 19. h4 Nb4 20. h5 Bg5 21. Qg4
Qd8 22. hxg6 hxg6 23. Kg2 Kg7 24. Bd2 Nd3 25. Qe2 Rh8 26. Bxd3 cxd3 27. Qxd3
Qa8+ 28. d5 Qxd5+ 29. Qxd5 exd5 30. Bc3 Re8 31. Bd4 Re6 32. g4 Rc6 33. Kg3 Be7
34. Ra1 b4 35. Ra5 Bd8 36. Rxd5 Bb6 37. Rb5 Bxd4 38. exd4 Rc4 39. d5 Re4 40. d6
Rd4 41. Rb7 Kf8 42. g5 Rd5 43. Kf4 Ke8 44. Rxb4 Kd7 45. Rb7+ Ke8 46. Ke4 Rd1 47.
b4 Re1+ 48. Kd5 Rd1+ 49. Kc6 Rc1+ 50. Kb6 Rg1 51. b5 Rxg5 52. Kc7 1-0

[Event "PRO League Group Stage"]
[Site "chess.com INT"]
[Date "2020.01.20"]
[Round "3"]
[White "Robson, Ray"]
[Black "Dominguez Perez, Leinier"]
[Result "1/2-1/2"]
[WhiteTitle "GM"]
[BlackTitle "GM"]
[WhiteElo "2673"]
[BlackElo "2758"]
[WhiteTeam "Chicago Wind"]
[BlackTeam "Saint Louis Arch Bishops"]
[WhiteFideId "2023970"]
[BlackFideId "3503240"]
[EventDate "2020.01.06"]

1. e4 e5 2. Nf3 Nc6 3. Bb5 Nf6 4. O-O Nxe4 5. Re1 Nd6 6. Nxe5 Be7 7. Bf1 Nxe5 8.
Rxe5 O-O 9. d4 Bf6 10. Re1 Re8 11. c3 Rxe1 12. Qxe1 Ne8 13. Bf4 d5 14. Bd3 g6
15. Nd2 Ng7 16. h3 Bf5 17. Bxf5 Nxf5 18. Qe2 Qd7 19. Re1 Ng7 20. Nf3 Re8 21. Be5
Bd8 22. Qd2 f6 23. Bg3 c6 24. Rxe8+ Qxe8 25. Ne1 Nf5 26. Nd3 Kf7 27. Kf1 h5 28.
Qe2 Be7 29. Bf4 Ng7 30. Bd2 Ne6 31. Nf4 Bd6 32. Nxe6 Qxe6 33. Qxe6+ Kxe6 34. g4
hxg4 35. hxg4 f5 36. f3 fxg4 37. fxg4 b5 38. Ke2 a6 39. Kd3 Bc7 40. Ke2 Kd7 41.
Kd3 Bd6 42. Ke2 Be7 43. Kf3 Bd6 44. Ke2 Ke6 45. Kd3 1/2-1/2

[Event "PRO League Group Stage"]
[Site "chess.com INT"]
[Date "2020.01.20"]
[Round "3"]
[White "Bok, Benjamin"]
[Black "Bruzon Batista, Lazaro"]
[Result "1-0"]
[WhiteTitle "GM"]
[BlackTitle "GM"]
[WhiteElo "2630"]
[BlackElo "2640"]
[WhiteTeam "Saint Louis Arch Bishops"]
[BlackTeam "Chicago Wind"]
[WhiteFideId "1017063"]
[BlackFideId "3503739"]
[EventDate "2020.01.06"]

1. d4 Nf6 2. c4 e6 3. Nf3 Bb4+ 4. Nbd2 a5 5. g3 b6 6. Bg2 Bb7 7. O-O O-O 8. Qc2
Bxd2 9. Bxd2 h6 10. Rac1 Be4 11. Qc3 d6 12. c5 Nc6 13. Rfd1 Bd5 14. Qa3 b5 15.
Bf4 Nh5 16. Be3 Nf6 17. cxd6 cxd6 18. Bf4 b4 19. Qa4 Ne7 20. Ne1 Ng6 21. Bd2
Bxg2 22. Nxg2 Ne7 23. Ne3 Qb8 24. Nc4 Ra6 25. a3 Qa8 26. axb4 axb4 27. Qxb4 Rb8
28. Qc3 Nf5 29. Qd3 Ra2 30. Bf4 Rb4 31. Nxd6 Nxd6 32. Bxd6 Rbxb2 33. Rb1 Rxe2
34. Rb8+ Qxb8 35. Bxb8 Rxf2 36. Rc1 Rg2+ 37. Kf1 Rgf2+ 38. Ke1 g5 39. Be5 Rxh2
40. Qf3 Nd7 41. Rc8+ Nf8 42. d5 Rhg2 43. Bd4 e5 44. Qxg2 Rxg2 45. Bc5 Rxg3 46.
Bxf8 Rd3 47. d6 Kh7 48. Ke2 e4 49. Rc7 Kg6 50. Be7 f5 51. d7 f4 52. d8=Q Rxd8
53. Bxd8 h5 54. Rc6+ Kf5 55. Rc5+ Ke6 56. Rxg5 1-0

[Event "PRO League Group Stage"]
[Site "chess.com INT"]
[Date "2020.01.20"]
[Round "3"]
[White "Quesada Perez, Yuniesky"]
[Black "Bok, Benjamin"]
[Result "1/2-1/2"]
[WhiteTitle "GM"]
[BlackTitle "GM"]
[WhiteElo "2601"]
[BlackElo "2630"]
[WhiteTeam "Chicago Wind"]
[BlackTeam "Saint Louis Arch Bishops"]
[WhiteFideId "3504409"]
[BlackFideId "1017063"]
[EventDate "2020.01.06"]

1. e4 e5 2. Nf3 Nc6 3. Bb5 Nf6 4. d3 Bc5 5. Bxc6 dxc6 6. O-O Qe7 7. Be3 Bg4 8.
Nbd2 Nd7 9. a3 f6 10. b4 Bxe3 11. fxe3 O-O 12. Qb1 a5 13. Qb2 b6 14. h3 Bxf3 15.
Nxf3 c5 16. b5 c4 17. Qa2 Qc5 18. Nd2 Qxe3+ 19. Rf2 Kh8 20. Qxc4 Nc5 21. Nf1 Qg5
22. Re1 Rad8 23. Ne3 Qg6 24. Ng4 Qe8 25. Ref1 Rd4 26. Qa2 Rd6 27. Kh1 Qe6 28.
Qa1 Nd7 29. Rf5 Kg8 30. Ne3 Nc5 31. R5f3 Qe8 32. Nf5 Rd7 33. Qa2+ Qe6 34. Qb2
Qe8 35. Ne3 Ne6 36. Nd5 Nd4 37. Rg3 Kh8 38. c3 Ne6 39. Rgf3 Rdf7 40. R3f2 Nc5
41. Rf3 Kg8 42. c4 Ne6 43. Qd2 Kh8 44. Kh2 Qd8 45. R3f2 Qd6 46. Qb2 Qd8 47. Kh1
Qd6 48. Qc3 Nd4 49. Qb2 Kg8 50. Qc1 Qc5 51. Qb2 Qd6 52. Qc1 Qc5 53. Qb2 Qd6 1/2-1/2

[Event "PRO League Group Stage"]
[Site "chess.com INT"]
[Date "2020.01.20"]
[Round "3"]
[White "Dominguez Perez, Leinier"]
[Black "Nyzhnyk, Illya"]
[Result "0-1"]
[WhiteTitle "GM"]
[BlackTitle "GM"]
[WhiteElo "2758"]
[BlackElo "2662"]
[WhiteTeam "Saint Louis Arch Bishops"]
[BlackTeam "Chicago Wind"]
[WhiteFideId "3503240"]
[BlackFideId "14118084"]
[EventDate "2020.01.06"]

1. e4 e5 2. Nf3 Nf6 3. Nxe5 d6 4. Nf3 Nxe4 5. Nc3 Nxc3 6. dxc3 Be7 7. Be3 Nd7 8.
Qd2 c6 9. O-O-O Nf6 10. Bd3 O-O 11. Rhe1 Bg4 12. h3 Bxf3 13. gxf3 Nd5 14. Rg1
Nxe3 15. Qxe3 Bf6 16. h4 Re8 17. Qh6 g6 18. h5 Bg7 19. Qf4 Qf6 20. Qh2 d5 21.
hxg6 hxg6 22. f4 c5 23. f5 c4 24. fxg6 cxd3 25. gxf7+ Kxf7 26. Qh5+ Kf8 27. Rxd3
Qh6+ 28. Qxh6 Bxh6+ 29. Kb1 Re5 30. a3 Rf5 31. Rgd1 Rd8 32. c4 d4 33. Rxd4 Rxd4
34. Rxd4 Rxf2 35. Rd8+ Kg7 36. c5 Bg5 37. Ra8 a6 38. c6 bxc6 39. Rxa6 c5 40. Rc6
Be3 41. b4 Kf7 42. bxc5 Ke7 43. Rd6 Bxc5 44. Rd3 Ke6 45. Kb2 Ke5 46. Kb3 Bd4 47.
Rd1 Rf3+ 48. Rd3 Rf1 49. c3 Bc5 50. Rd2 Rb1+ 51. Ka2 Rb8 52. Rb2 Ra8 53. Rb5 Kd5
54. Kb2 Kc4 55. Rb7 Rg8 56. Rf7 Rg2+ 57. Kc1 Kd3 58. Rd7+ Kxc3 59. Rc7 Rg1# 0-1